Datum a čas kvízu
21.5
Celkem bodů
Celkový počet nahraných bodů na tomto kvízu bez doplňovacích otázek.
10.
Pořadí na kvízu
Konečné umístění týmu na tomto kvízu.
Zaznamenané odpovědi
| # | Otázka | Odpověď | Body | Výsledky |
|---|---|---|---|---|
| 1. | Do České republiky v pondělí z... | Mosambik | 0 | |
| 2. | Která země letos pořádala svět... | Jižní Korea | 1 | |
| 3. | Ve čtvrtek mělo v českých kine... | Gran Turismo, Orlando Bloom | 1 | |
| 4. | Jak se nazývá každoroční meteo... | Perseidy | 1 | |
| 5. | Tuzemský fotbalový pohár minul... | z Prostějova | 0 | |
| 6. | Tentokrát se podíváme na různá... | 1D 2B 3A 4C | 0 | |
| 7. | Doplňte město do názvu dobrodr... | York, Daniel Defoe | 0 | |
| 8. | Mistr napětí Stephen King má v... | Salem, Dallas | 0.5 | |
| 9. | Poslední dvě otázky tohoto tém... | Paul Gauguin, Tahiťanky | 0 | |
| 10. | Napište jméno autora této uměl... | David Černý | 1 |